000 00955cam a2200289u 4500
001 15832
003 BD-RjUL
005 20211208235908.0
008 140211t1931 fr abf a 000 0 fre
035 _a(BD-RjUL)15887
040 _aDLC
_cCarP
_dDLC
_dBD-RjUL
_beng
041 _aeng
082 0 4 _a939.4
_bDUL 1931
100 1 _aDussaud, René,
_d1868-
_949103
245 1 3 _aLa Syrie antique et médiévale illustrée /
_cR. Dussaud ; P. Deschamps ; H. Seyrig.
260 _aParis :
_bP. Guethner,
_c1931.
300 _a22, [161], 5 p., 1 l.
_billus. (map) 100 pl. on 80 l.
_c29 cm.
650 0 _aExcavations (Archaeology)
_zSyria.
_949104
651 0 _aSyria
_xAntiquities.
_949105
651 0 _aSyria
_xDescription and travel.
_949106
700 1 _aDeschamps, Paul,
_d1888-
_ejoint author.
_949107
700 1 _aSeyrig, Henri,
_ejoint author.
_949108
942 _2ddc
_cBK
999 _c15832
_d15832